00519nam a2200169Ia 450000500170000000800410001702000150005808200170007310000160009024500370010626000330014330000120017650000410018894200060022995200990023599900150033420250528022433.0240331s9999 xx 000 0 und d a9559547100 a302.234bATH aAthugala, A 0aRupavahiniya saha sannivedhanaya aSri Lankabsameeparupac1993 a72 p ., aA book on Television & Communication cL 001040708LaWERCLbWERCLcSSCd2024-03-31l0o 302.234 ATHp3051r2024-03-31w2024-03-31yL c1163d1163